000 00509nam a2200193 a 4500
001 1757401823242
003 YourLibrary
005 20250909124818.0
008 250909s2001##################000#0#eng##
020 _a9780684857770
082 0 4 _a133.5864677
_bEIC
100 1 _aEichenbaum, Diane,
_eauthor.
245 1 0 _aSoul Signs In Love :
260 _bSimon and Schuster,
_c2001.
300 _a244 pages
650 0 _aBody, Mind & Spirit.
942 _cENGLISH
040 _aYourLibrary
_beng
_cYourLibrary
999 _c586107
_d586107